| 000 | 00640cam a22002413a 4500 | ||
|---|---|---|---|
| 001 | 31080 | ||
| 003 | PGUSA | ||
| 005 | 20140828083655.0 | ||
| 008 | 100125s2010||||xxu|||||s|||||000 | eng d | ||
| 040 |
_aPGUSA _beng |
||
| 042 | _adc | ||
| 050 | 4 | _aPQ | |
| 100 | 1 |
_aAlfieri, Vittorio, _d1749-1803 |
|
| 245 | 1 | 0 |
_aSofonisba _h[electronic resource] / _cVittorio Alfieri |
| 260 |
_bProject Gutenberg, _c2010 |
||
| 506 | _aPublic domain in the USA. | ||
| 516 | _aElectronic text | ||
| 653 | _aTragedies | ||
| 653 | _aItalian drama | ||
| 830 | 0 |
_aProject Gutenberg _v31080 |
|
| 856 | 4 | 0 | _uhttp://www.gutenberg.org/ebooks/31080 |
| 942 | _cEB | ||
| 999 |
_c260335 _d260335 |
||